000 01546nam a2200385 a 4500
001 ebr10676230
003 CaPaEBR
006 m u
007 cr cn|||||||||
008 830721s1985 cauad sb 001 0 eng d
010 _z 83009292
020 _z0520050037
020 _z0520050045 (pbk.)
020 _z9780520050037
020 _z9780520907317 (e-book)
040 _aCaPaEBR
_cCaPaEBR
035 _a(OCoLC)777474218
043 _an-us---
050 1 4 _aE184.C97
_bP67 1985eb
082 0 4 _a305.8/687291/073
_219
100 1 _aPortes, Alejandro,
_d1944-
245 1 0 _aLatin journey
_h[electronic resource] :
_bCuban and Mexican immigrants in the United States /
_cAlejandro Portes, Robert L. Bach.
260 _aBerkeley :
_bUniversity of California Press,
_cc1985.
300 _axxi, 387 p. :
_bill.
504 _aIncludes bibliographical references (p. [369]-382) and index.
533 _aElectronic reproduction.
_bPalo Alto, Calif. :
_cebrary,
_d2013.
_nAvailable via World Wide Web.
_nAccess may be limited to ebrary affiliated libraries.
650 0 _aCubans
_zUnited States
_xEconomic conditions.
650 0 _aCubans
_zUnited States
_xSocial conditions.
650 0 _aMexicans
_zUnited States
_xEconomic conditions.
650 0 _aMexicans
_zUnited States
_xSocial conditions.
655 7 _aElectronic books.
_2local
700 1 _aBach, Robert L.
710 2 _aebrary, Inc.
856 4 0 _uhttp://site.ebrary.com/lib/rucke/Doc?id=10676230
_zAn electronic book accessible through the World Wide Web; click to view
999 _c166754
_d166754